[Event "ICS Rated blitz match"]
[Site "204.178.125.65"]
[Date "1999.08.27"]
[Round "?"]
[White "Hossa"]
[Black "hnishy"]
[Result "1-0"]
[WhiteElo "2325"]
[BlackElo "2255"]
[PlyCount "25"]
[EventDate "1999.??.??"]

1. d4 e6 2. e4 d5 3. Nd2 c5 4. c3 Nc6 5. Bb5 Qb6 6. exd5 Qxb5 7. dxc6 Qxc6 8.
Ngf3 b6 9. O-O Nf6 10. Ne5 Qc7 11. Ndc4 Bb7 12. Qa4+ Nd7 13. Bf4 {
hnishy resigns} 1-0

[Event "ICS Rated blitz match"]
[Site "204.178.125.65"]
[Date "1999.10.05"]
[Round "?"]
[White "Hossa"]
[Black "inmichess"]
[Result "0-1"]
[WhiteElo "2475"]
[BlackElo "2452"]
[PlyCount "75"]
[EventDate "1999.??.??"]

1. d4 d5 2. Nf3 Nf6 3. c4 c6 4. cxd5 cxd5 5. Nc3 Nc6 6. Bf4 e6 7. e3 Nh5 8. Bg5
Qb6 9. Bb5 a6 10. Ne5 axb5 11. Qxh5 Nxe5 12. dxe5 b4 13. Ne2 Qc7 14. f4 Qc2 15.
Kf2 Bd7 16. Rhb1 Bc5 17. Qf3 h6 18. Bh4 Bc6 19. Qg4 g6 20. Rc1 Qxb2 21. Bf6 Rh7
22. Qf3 d4 23. e4 Ra3 24. Qg4 d3+ 25. Rxc5 Qxa1 26. Rc1 Qb2 27. Re1 d2 28. Rf1
Qc2 29. Ra1 Rxa2 30. Rf1 Bb5 31. Kg3 Ra3+ 32. Kh4 Qxe4 33. Nc3 bxc3 34. Rh1 c2
35. h3 g5+ 36. fxg5 hxg5+ 37. Kxg5 Qe3+ 38. Qf4 {Hossa resigns} 0-1

[Event "ICS Rated blitz match"]
[Site "204.178.125.65"]
[Date "1999.10.09"]
[Round "?"]
[White "Hossa"]
[Black "kasparov4"]
[Result "1-0"]
[WhiteElo "2496"]
[BlackElo "2155"]
[PlyCount "70"]
[EventDate "1999.??.??"]

1. e4 e5 2. Nf3 Nc6 3. Bb5 a6 4. Ba4 Nf6 5. O-O Nxe4 6. d4 b5 7. Bb3 d5 8. dxe5
Be6 9. c3 Bc5 10. Nbd2 O-O 11. Bc2 Nxf2 12. Rxf2 f6 13. exf6 Bxf2+ 14. Kxf2
Qxf6 15. Kg1 Rae8 16. a4 b4 17. Rb1 bxc3 18. Nb3 Ne5 19. bxc3 Nxf3+ 20. Qxf3
Qxf3 21. gxf3 Rxf3 22. Bd2 Bf5 23. Bxf5 Rxf5 24. Re1 Rxe1+ 25. Bxe1 Rf4 26. Nc5
a5 27. Bf2 Rg4+ 28. Kh1 Rf4 29. Kg1 Kf7 30. Bd4 g5 31. Na6 c6 32. Nc5 Rf3 33.
Nb7 h5 34. Nxa5 Ke6 35. Nxc6 35... Kd7 {kasparov4 resigns} 1-0

[Event "ICS Rated blitz match"]
[Site "204.178.125.65"]
[Date "1999.10.04"]
[Round "?"]
[White "Hossa"]
[Black "kasparov4"]
[Result "1-0"]
[WhiteElo "2403"]
[BlackElo "2155"]
[PlyCount "79"]
[EventDate "1999.??.??"]

1. e4 c6 2. d4 d5 3. Nc3 dxe4 4. Nxe4 Nd7 5. Bc4 Ngf6 6. Ng5 e6 7. Ne2 h6 8.
Nf3 Bd6 9. O-O Qc7 10. Re1 b6 11. Be3 Bb7 12. Qd3 Rd8 13. Ba6 Bxa6 14. Qxa6 Ng4
15. Ng3 Nxe3 16. Rxe3 O-O 17. Ne4 Nb8 18. Qd3 Bf4 19. Re2 e5 20. g3 f5 21. Qc4+
Kh8 22. gxf4 fxe4 23. Nxe5 Rf6 24. Rxe4 Rd5 25. Rae1 b5 26. Qe2 Nd7 27. c4 bxc4
28. Qxc4 Nb6 29. Qb4 a5 30. Qa3 Kh7 31. Qd3 Kh8 32. Qc3 Na4 33. Qc2 Nb6 34. Kh1
Qd6 35. Ng6+ Kh7 36. Re6 Qb4 37. Nf8+ Kg8 38. Qh7+ Kf7 39. Rxf6+ Kxf6 40. Qg6#
{kasparov4 checkmated} 1-0

[Event "ICS Rated blitz match"]
[Site "204.178.125.65"]
[Date "1999.10.08"]
[Round "?"]
[White "Hossa"]
[Black "kasparov4"]
[Result "0-1"]
[WhiteElo "2452"]
[BlackElo "2244"]
[PlyCount "91"]
[EventDate "1999.??.??"]

1. d4 e6 2. Nf3 d5 3. e3 Nf6 4. Nbd2 c5 5. Bd3 Be7 6. O-O c4 7. Be2 Qa5 8. e4
Nxe4 9. Nxe4 dxe4 10. Nd2 b5 11. Bf3 exf3 12. Qxf3 Qc7 13. a4 Bb7 14. Qg4 O-O
15. axb5 c3 16. bxc3 Qxc3 17. Ra2 Nd7 18. Nb3 Rfc8 19. Bh6 Bf6 20. Rb1 Qc4 21.
Rab2 Bd5 22. Bg5 Rab8 23. Bxf6 Nxf6 24. Qd1 Qxb5 25. Qe1 a6 26. f3 Qb4 27. Qxb4
Rxb4 28. Nc5 Rxd4 29. Rb8 Rf8 30. Nxa6 Rd2 31. R8b2 Rc8 32. Nc5 Kf8 33. Rb8
Rxb8 34. Rxb8+ Ke7 35. Rb2 e5 36. Na4 e4 37. fxe4 Bc6 38. Rb4 Bxe4 39. g3 Bxc2
40. Nc3 Bd3 41. Rd4 Ke6 42. h3 h5 43. h4 Ng4 44. Ra4 Rc2 45. Rxg4 hxg4 46. Na4
{Hossa resigns} 0-1

[Event "ICS Rated blitz match"]
[Site "204.178.125.65"]
[Date "1999.09.20"]
[Round "?"]
[White "Hossa"]
[Black "kickinnuts"]
[Result "1/2-1/2"]
[WhiteElo "2344"]
[BlackElo "2062"]
[PlyCount "73"]
[EventDate "1999.??.??"]

1. e4 c5 2. Nf3 Nc6 3. d4 cxd4 4. Nxd4 d6 5. Bb5 Bd7 6. O-O Nf6 7. Nc3 e5 8.
Nde2 Be7 9. Bg5 a6 10. Bc4 b5 11. Bxf6 bxc4 12. Bxg7 Rg8 13. Bh6 Bh3 14. Ng3
Rg6 15. Qd2 Be6 16. Nd5 Bxd5 17. exd5 Nb8 18. Rfe1 Nd7 19. Re4 Rc8 20. Nf5 Nf6
21. Ree1 Ng4 22. Rad1 c3 23. bxc3 Nxh6 24. Nxe7 Qxe7 25. f4 e4 26. Rb1 Nf5 27.
Rb4 e3 28. Qd3 Qf6 29. c4 Kf8 30. Rf1 Re8 31. c3 e2 32. Re1 Re3 33. Qd2 Re4 34.
Qd3 Re3 35. Qd2 Re4 36. Qd3 Re3 37. Qd2 {Game drawn by repetition} 1/2-1/2

[Event "ICS Rated blitz match"]
[Site "204.178.125.65"]
[Date "1999.09.15"]
[Round "?"]
[White "Hossa"]
[Black "knightmare51"]
[Result "1-0"]
[WhiteElo "2348"]
[BlackElo "2230"]
[PlyCount "61"]
[EventDate "1999.??.??"]

1. e4 e5 2. Nf3 Nc6 3. Bb5 a6 4. Ba4 Nf6 5. O-O Be7 6. Re1 b5 7. Bb3 O-O 8. c3
d5 9. exd5 Nxd5 10. Nxe5 Nxe5 11. Rxe5 c6 12. d4 Bd6 13. Re4 Bf5 14. Bxd5 cxd5
15. Re3 Qh4 16. h3 Rae8 17. Qf1 Qf4 18. g3 Rxe3 19. gxf4 Rxh3 20. a4 bxa4 21.
Qxa6 Be7 22. Qb7 Bf6 23. Qxd5 Be6 24. Qb5 Bg4 25. Nd2 h5 26. Rxa4 Bh4 27. Ra7
g6 28. c4 Kg7 29. Qd5 Bf6 30. f3 Be6 31. Qxe6 {knightmare51 resigns} 1-0

[Event "ICS Rated blitz match"]
[Site "204.178.125.65"]
[Date "1999.09.18"]
[Round "?"]
[White "Hossa"]
[Black "ktolik"]
[Result "1-0"]
[WhiteElo "2519"]
[BlackElo "2205"]
[Annotator "Fritz 5.32 (20s)"]
[PlyCount "61"]
[EventDate "1999.??.??"]

1. e4 1... c5 {Opening = B33 - 3.d4 cd4 4.Nd4 Nf6} 2. d4 cxd4 3. Nf3 Nc6 4.
Nxd4 Nf6 5. Nxc6 bxc6 6. Bd3 e5 7. O-O Be7 8. f4 $146 (8. c4 O-O 9. Nc3 d6 10.
Kh1 Be6 11. Qe2 Rb8 12. b3 Rb7 13. Bb2 Re8 14. Rad1 Bf8 15. Bb1 Rd7 16. Rd3 Bg4
17. Qd2 Nh5 18. f3 Be6 19. g3 Nf6 20. Rd1 d5 21. cxd5 cxd5 22. Nxd5 22... Nxd5
{Kerkhoff,L-Kuijf,M/NLD-chT 1993/EXT 97/0-1 (53)}) (8. Nd2 O-O 9. Nc4 d6 10. f4
exf4 11. Bxf4 Be6 12. e5 dxe5 13. Nxe5 Qb6+ 14. Kh1 Rad8 15. Qf3 Bd5 16. Qh3
Be4 17. Nc4 Qc5 18. Be3 Qd5 19. Be2 Bxc2 20. Rac1 Bg6 21. Bxa7 Ne4 22. Be3
22... Bc5 {Velasquez Ojeda,C-Llorens,M/Santiago de Chile 1997/EXT 98/1-0 (40)})
(8. Kh1 d5 9. Nc3 d4 10. Ne2 O-O 11. f4 exf4 12. Bxf4 Bg4 13. Qe1 Nh5 14. Bd2
c5 15. e5 Bh4 16. Ng3 Nxg3+ 17. hxg3 Bg5 18. Qe4 g6 19. Ba5 Qd7 20. Bc4 Bf5 21.
Qe2 Rae8 22. Bb5 22... Qe6 {
Salmi,P-Eriksson,T/Uusikaupunki 1996/EXT 99/0-1 (36)}) (8. b3 O-O 9. Bb2 d6 10.
Kh1 Be6 11. Nd2 Qa5 12. Qe2 Rad8 13. a3 h6 14. Rad1 Bg4 15. f3 Be6 16. Nc4 Qc7
17. Bc3 Qc8 18. Ne3 Nh5 19. g3 Bh3 20. Rf2 Qc7 21. f4 Nf6 22. Qf3 Qc8 23. f5 h5
24. Bf1 Bxf1 25. Rfxf1 g5 26. fxg6 fxg6 27. Qg2 Ng4 28. Nxg4 Qxg4 29. h3 Qe6
30. Kh2 Kg7 31. Qg1 Rxf1 32. Rxf1 Rd7 33. Qe3 Bf6 34. Bd2 Kg8 35. Qh6 Bg7 36.
Qg5 Kh7 37. g4 Rf7 38. Rxf7 Qxf7 39. gxh5 Qf2+ 40. Qg2 Qxg2+ 41. Kxg2 gxh5 42.
c4 42... Bf6 {Kerkhoff,L-Baltus,P/NED 1992/EXT 99/1-0 (55)}) 8... d6 9. fxe5
dxe5 10. Nd2 10... O-O $11 (10... Bc5+ 11. Kh1 Ng4 12. Qe1 $15) 11. Kh1 Ng4 12.
Nf3 $15 (12. Qe1 Bh4 13. Qe2 13... Qd4 $11) 12... Bc5 13. Qe2 Qb6 14. h3 Nf2+
15. Kh2 Nxd3 16. cxd3 16... f6 {Ueberdeckt e5+g5} 17. Nd2 Be6 18. Nc4 18...
Bxc4 $11 (18... Qb7 19. b3 $15) 19. dxc4 Rfd8 20. Kh1 20... Bd4 {
Der Laeufer ist gut plaziert} 21. Rb1 c5 22. b3 a5 23. Bd2 Kh8 24. Qh5 Qe6 25.
Qe2 a4 26. b4 cxb4 27. Rxb4 Qc6 28. Rfb1 28... h6 {Staerkt g5} 29. Qg4 Bc5 30.
Rb7 {Es droht Matt} 30... Rd7 $4 $18 {vergibt den sicheren Gewinn} (30... Bf8
31. Bxh6 31... gxh6 $16) 31. Qxd7 (31. Qxd7 Qxd7 32. Rxd7 $18) (31. Rxd7 Bf8
32. Rbb7 f5 33. exf5 33... Qf6 $18) 1-0

[Event "ICS Rated blitz match"]
[Site "204.178.125.65"]
[Date "1999.09.14"]
[Round "?"]
[White "Hossa"]
[Black "kyklop"]
[Result "1-0"]
[WhiteElo "2375"]
[BlackElo "2442"]
[PlyCount "109"]
[EventDate "1999.??.??"]

1. e4 d5 2. d4 dxe4 3. Nc3 Nf6 4. f3 exf3 5. Nxf3 g6 6. Bb5+ c6 7. Bd3 Bg7 8.
O-O O-O 9. Ne2 Bg4 10. Bg5 Nbd7 11. c4 Bxf3 12. Rxf3 e5 13. Qb3 exd4 14. Nxd4
Nc5 15. Qc3 Na4 16. Nxc6 bxc6 17. Bxf6 Nxc3 18. Bxd8 Rfxd8 19. bxc3 Bxc3 20.
Rb1 Bd4+ 21. Kh1 Rab8 22. g4 Rxb1+ 23. Bxb1 Re8 24. Bd3 Re1+ 25. Rf1 Rxf1+ 26.
Bxf1 f5 27. gxf5 gxf5 28. Bd3 f4 29. Kg2 h6 30. Kf3 Be3 31. c5 Bxc5 32. Be4 Be3
33. Bxc6 Kf7 34. Kg4 Ke6 35. Kh5 Ke5 36. Bf3 Kd4 37. Kxh6 Kd3 38. Kg5 Kd2 39.
h4 Ke1 40. h5 Kf2 41. Kg4 a5 42. h6 Ke1 43. h7 Bd4 44. Kxf4 Kd2 45. Kf5 Kc3 46.
Kg6 Kb2 47. Bd5 Kc3 48. Kf7 Kb4 49. Kg8 Kc5 50. Be6 Kd6 51. Bb3 Kc5 52. h8=Q
Kb4 53. Qxd4+ Ka3 54. Qc3 a4 55. Bc4# {kyklop checkmated} 1-0

[Event "ICS Rated blitz match"]
[Site "204.178.125.65"]
[Date "1999.09.28"]
[Round "?"]
[White "Hossa"]
[Black "lakerda"]
[Result "0-1"]
[WhiteElo "2412"]
[BlackElo "2292"]
[PlyCount "128"]
[EventDate "1999.??.??"]

1. e4 d6 2. d4 e5 3. dxe5 dxe5 4. Qxd8+ Kxd8 5. Nc3 Bd6 6. Bc4 Be6 7. Bxe6 fxe6
8. Nf3 Nc6 9. Be3 Nf6 10. O-O-O Ke7 11. Kb1 a6 12. Bd2 Rhd8 13. Rhe1 b5 14. Ng5
h6 15. Nf3 Bc5 16. Be3 Bxe3 17. Rxd8 Rxd8 18. Rxe3 g5 19. a4 b4 20. Na2 Ng4 21.
Re2 Rd1+ 22. Nc1 Nd4 23. Nxd4 exd4 24. h3 Ne5 25. b3 c5 26. f3 Ng6 27. Rf2 Nf4
28. Kb2 Rg1 29. Nd3 Nxd3+ 30. cxd3 Kd6 31. Kc2 Ke5 32. h4 Kf4 33. hxg5 hxg5 34.
Re2 Kg3 35. Kd2 Rxg2 36. Rxg2+ Kxg2 37. Ke2 e5 38. a5 Kg3 39. Ke1 Kxf3 40. Kd2
g4 41. Ke1 Ke3 42. Kf1 Kxd3 43. Kf2 Kxe4 44. Kg2 Kd3 45. Kf2 e4 46. Ke1 e3 47.
Kf1 Kc3 48. Ke2 Kxb3 49. Ke1 Ka4 50. Ke2 Kxa5 51. Kd3 Kb5 52. Ke2 a5 53. Ke1 a4
54. Kf1 a3 55. Kg2 a2 56. Kg3 a1=Q 57. Kh4 g3 58. Kg4 g2 59. Kf5 g1=Q 60. Kf6
Qaf1+ 61. Ke5 Qg5+ 62. Ke6 Qff6+ 63. Kd7 Qgg7+ 64. Ke8 64... Qff8# {
Hossa checkmated} 0-1

[Event "ICS Rated blitz match"]
[Site "204.178.125.65"]
[Date "1999.09.26"]
[Round "?"]
[White "Hossa"]
[Black "lambChop"]
[Result "1-0"]
[WhiteElo "2465"]
[BlackElo "2476"]
[PlyCount "263"]
[EventDate "1999.??.??"]

1. e4 c6 2. Nc3 d5 3. Qf3 dxe4 4. Nxe4 Nd7 5. d4 Ndf6 6. Nxf6+ Nxf6 7. Ne2 Qb6
8. Qd3 g6 9. Qb3 Qxb3 10. cxb3 Bg7 11. Bg5 Nd5 12. O-O-O h6 13. Bd2 a5 14. a3
a4 15. b4 Bg4 16. f3 Be6 17. h4 Bf5 18. h5 O-O-O 19. hxg6 fxg6 20. g3 Rdf8 21.
Re1 Rf7 22. Bg2 Bd3 23. Rh2 h5 24. Bh3+ Bf5 25. f4 Bxh3 26. Rxh3 Kb8 27. Kc2
Rd8 28. Rc1 e6 29. Bc3 Ne3+ 30. Kd3 Nf5 31. Ke4 Rd5 32. Rc2 Rfd7 33. Rd2 b6 34.
Rd3 c5 35. bxc5 bxc5 36. Rh2 cxd4 37. Bb4 Ne3 38. b3 e5 39. bxa4 exf4 40. Nxf4
Rg5 41. Rb3 Ka7 42. Be1 Rg4 43. Kd3 Be5 44. Ne2 Nf5 45. Rh3 Re7 46. Rb5 Re6 47.
Bf2 Ka8 48. Rb4 Ra6 49. Rc4 Rd6 50. Rc5 Re6 51. Rh1 Re7 52. Ra1 Ka7 53. a5 Ka8
54. a6 Ka7 55. Ra5 Bg7 56. Rb1 Ka8 57. Rb4 Rd7 58. Rab5 Rd6 59. Ra4 Rd8 60. Rb7
Be5 61. Ra5 Bf6 62. Rf7 Bh8 63. Rc7 Bf6 64. Rac5 Rd6 65. Rf7 Be7 66. Rc8+ Ka7
67. Rc7+ Kxa6 68. Rfxe7 Nxe7 69. Rxe7 Rg5 70. Bxd4 Kb5 71. Nc3+ Kc6 72. Ne4 Rg4
73. Nxd6 Rxg3+ 74. Kc4 Kxd6 75. Bc5+ Kc6 76. Re6+ Kd7 77. Rd6+ Ke8 78. a4 h4
79. a5 h3 80. Re6+ Kf7 81. a6 h2 82. Re7+ Kg8 83. Re8+ Kh7 84. Bd4 g5 85. Rh8+
Kg6 86. a7 Ra3 87. Kb4 Ra6 88. Kb5 Ra2 89. Rxh2 Rxh2 90. a8=Q Rh6 91. Be3 Rh5
92. Qe8+ Kh6 93. Bxg5+ Rxg5+ 94. Kc4 Rf5 95. Kd4 Kg5 96. Qe7+ Kg6 97. Qd6+ Rf6
98. Qg3+ Kf7 99. Qc7+ Kg6 100. Qe5 Rf5 101. Qe6+ Kg5 102. Ke4 Rf4+ 103. Kd5
Rf5+ 104. Kd4 Rf4+ 105. Ke5 Rf3 106. Qe7+ Kg4 107. Qg7+ Kh3 108. Qh6+ Kg3 109.
Qg5+ Kf2 110. Kd4 Ke1 111. Qg1+ Ke2 112. Qc1 Rd3+ 113. Ke4 Rd2 114. Qg1 Rc2
115. Qg2+ Kd1 116. Qf3+ Kc1 117. Qa3+ Kd1 118. Qd3+ Kc1 119. Ke3 Kb2 120. Qb5+
Kc3 121. Qb1 Rg2 122. Qd3+ Kb4 123. Qd6+ Kb5 124. Qd5+ Kb6 125. Qxg2 Kc5 126.
Qd2 Kc6 127. Qd8 Kb5 128. Kd4 Kc6 129. Kc4 Kb7 130. Kc5 Ka7 131. Kc6 Ka6 132.
Qa8# {lambChop checkmated} 1-0

[Event "ICS Rated blitz match"]
[Site "204.178.125.65"]
[Date "1999.09.26"]
[Round "?"]
[White "Hossa"]
[Black "libertad"]
[Result "1-0"]
[WhiteElo "2439"]
[BlackElo "2147"]
[PlyCount "61"]
[EventDate "1999.??.??"]

1. e4 e5 2. Nf3 d6 3. d4 exd4 4. Nxd4 Nf6 5. Nc3 Be7 6. Be2 O-O 7. O-O c5 8.
Nb3 Be6 9. Be3 a6 10. Qd2 b5 11. Bf3 Ra7 12. a4 b4 13. Ne2 Rd7 14. Nf4 c4 15.
Nd4 Bg4 16. Bxg4 Nxg4 17. Nd5 Nxe3 18. Qxe3 Bf6 19. Rfd1 Bxd4 20. Rxd4 b3 21.
Rxc4 bxc2 22. Qd3 Qa5 23. Rxc2 f5 24. exf5 Rdf7 25. f6 gxf6 26. b4 Qd8 27. Rac1
Nd7 28. Qxa6 Ne5 29. f4 Ng6 30. Rc6 Rd7 31. Rc8 {libertad resigns} 1-0

[Event "ICS Rated blitz match"]
[Site "204.178.125.65"]
[Date "1999.09.14"]
[Round "?"]
[White "Hossa"]
[Black "libertad"]
[Result "1-0"]
[WhiteElo "2328"]
[BlackElo "2141"]
[PlyCount "59"]
[EventDate "1999.??.??"]

1. d4 d5 2. Bg5 f6 3. Bh4 Bf5 4. e3 c6 5. Bd3 Nh6 6. Nf3 Qb6 7. b3 Nd7 8. O-O
O-O-O 9. Bxf5 Nxf5 10. c4 Nxh4 11. Nxh4 dxc4 12. bxc4 e5 13. Nf3 Qc7 14. Nbd2
g5 15. Rb1 g4 16. Ne1 h5 17. Nd3 exd4 18. exd4 Bd6 19. f4 Rde8 20. Rb3 Re3 21.
c5 Be7 22. Kf2 Rxd3 23. Rxd3 Qxf4+ 24. Kg1 Qc7 25. Rf5 a6 26. Re3 Bd8 27. Qb3
b5 28. cxb6 Qxb6 29. Qc4 Qb5 30. Rxb5 {libertad resigns} 1-0

[Event "ICS Rated blitz match"]
[Site "204.178.125.65"]
[Date "1999.08.30"]
[Round "?"]
[White "Hossa"]
[Black "lito"]
[Result "1-0"]
[WhiteElo "2487"]
[BlackElo "2149"]
[PlyCount "35"]
[EventDate "1999.??.??"]

1. d4 d5 2. Nf3 Nf6 3. c4 e6 4. e3 c6 5. Bd3 Nbd7 6. O-O Be7 7. Nc3 O-O 8. e4
dxe4 9. Nxe4 Nxe4 10. Bxe4 Nf6 11. Bc2 Bd6 12. Bg5 c5 13. Qd3 g6 14. dxc5 Bxc5
15. Qxd8 Rxd8 16. Bxf6 Re8 17. Rad1 Be7 18. Ba4 {lito resigns} 1-0

[Event "ICS Rated blitz match"]
[Site "204.178.125.65"]
[Date "1999.08.27"]
[Round "?"]
[White "Hossa"]
[Black "martinvr"]
[Result "1-0"]
[WhiteElo "2272"]
[BlackElo "2266"]
[Annotator "Fritz 5.32 (22s)"]
[PlyCount "47"]
[EventDate "1999.??.??"]

1. c4 Nf6 2. d4 g6 3. Nc3 d5 4. cxd5 Nxd5 5. e4 Nxc3 6. bxc3 c5 7. Bb5+ Bd7 (
7... Nc6 8. d5 a6 9. Be2 Na5 10. Be3 e6 11. Nf3 exd5 12. exd5 b6 13. O-O Bg7
14. Qa4+ Bd7 15. Qe4+ Qe7 16. Qxe7+ Kxe7 17. Rab1 Bb5 18. Bxb5 axb5 19. Rxb5
Nc4 20. Nd2 Nxd2 21. Bxd2 Rxa2 22. Bg5+ {
Sokolov,I-Olafsson,H/Novi Sad 1990/TD/1-0 (42)}) 8. Bxd7+ (8. Rb1 Bg7 9. Ne2
cxd4 10. cxd4 O-O 11. O-O e6 12. Be3 Nc6 13. Qd2 Ne7 14. Bh6 Bxb5 15. Rxb5 b6
16. Rb3 Nc6 17. Rh3 Nxd4 18. Nxd4 Qxd4 19. Qxd4 Bxd4 20. Bxf8 Rxf8 21. Rc1 Rd8
22. Kf1 22... Bc5 {Kunin,V-Gomboc,M/Murek 1998/CBM 65 ext/1-0 (36)}) 8... Qxd7
9. Bf4 $146 (9. Be3 Bg7 10. Ne2 cxd4 (10... O-O 11. O-O cxd4 12. cxd4 Nc6 13.
Qa4 Rfd8 14. Rfd1 Nxd4 15. Qxd7 Rxd7 16. Bxd4 Rad8 17. Rac1 Bxd4 18. Nxd4 Rxd4
19. Rxd4 Rxd4 20. f3 Rd2 21. Rc7 Rxa2 22. Rxb7 e6 23. h3 a5 24. Kh2 Kg7 25. h4
{Panagopoulos,T-Beni,A/Dubrovnik 1950/MCD/0-1 (54)}) 11. cxd4 Nc6 12. Qa4 b6
13. O-O Na5 14. Qb4 O-O 15. f3 Rac8 16. Rac1 Rfe8 17. d5 Bf8 18. Nd4 e5 19. Qb5
Qd6 20. Nc6 Qa3 21. Bf2 Bh6 22. Rc2 Rf8 23. Kh1 Qd6 24. Bc5 bxc5 25. Nxa5 a6
26. Qe2 f6 27. Nc4 Qc7 28. Rb2 Rb8 29. Rfb1 Rfe8 30. Rb6 Bf8 31. Qb2 Rxb6 32.
Qxb6 Qe7 33. Qxa6 f5 34. Qc6 fxe4 35. fxe4 Qf7 36. Kg1 Re7 37. Rf1 Qe8 38. Qxe8
Rxe8 39. a4 Ra8 40. a5 Be7 41. Rb1 Kf7 42. Rb7 Kf6 43. g3 h5 44. Rb6+ Kg7 45.
a6 Bd8 46. Rb7+ Kf6 47. a7 {1-0 Gupta,R-Campomanes,F/Moscow 1956/MCD (47)})
9... Bg7 10. Ne2 Nc6 11. d5 {Raumgewinn} 11... Ne5 12. O-O O-O 13. Rb1 b6 14.
f3 {Ueberdeckt g4} 14... e6 15. Bxe5 {Weiss erlangt Initiative} 15... Bxe5 16.
c4 16... f5 $14 (16... Rad8 $5 $11) 17. f4 17... Bd4+ $16 (17... Bh8 18. e5 $14
) 18. Nxd4 cxd4 19. e5 exd5 (19... Rac8 20. Qxd4 Qa4 21. Rbc1 $14) 20. Qxd4
20... Rfd8 $18 (20... Qa4 $5 21. Qxd5+ 21... Kh8 $16) 21. Rfd1 g5 (21... Rac8
22. cxd5 Rc2 23. d6 $18) 22. cxd5 gxf4 (22... Rac8 23. Qd3 $18) 23. Qxf4 Qb5 (
23... Qf7 {die letzte Gegenchance} 24. e6 24... Qf6 $18) 24. Rxb5 (24. Rxb5 Rf8
25. Rb3 Rf7 26. Rg3+ Rg7 27. Rxg7+ Kxg7 28. Qg5+ Kf7 29. Rf1 Kf8 30. Rxf5+ Ke8
31. Qg8+ Ke7 32. Rf7#) 1-0

[Event "ICS Rated blitz match"]
[Site "204.178.125.65"]
[Date "1999.08.27"]
[Round "?"]
[White "Hossa"]
[Black "matar"]
[Result "0-1"]
[WhiteElo "2400"]
[BlackElo "2191"]
[PlyCount "63"]
[EventDate "1999.??.??"]

1. e4 c5 2. Bc4 e6 3. Nc3 a6 4. d4 cxd4 5. Qxd4 Nc6 6. Qd1 b5 7. Bb3 Bb7 8.
Nge2 Nf6 9. Bg5 Qc7 10. Bxf6 gxf6 11. Rb1 h5 12. Rc1 h4 13. a4 b4 14. Na2 Bh6
15. Rb1 a5 16. O-O Rg8 17. Kh1 Ne5 18. Qd4 f5 19. f4 Bxe4 20. Rf2 Ng4 21. Rff1
h3 22. Kg1 hxg2 23. Rfd1 Bg7 24. Qc4 Qxc4 25. Bxc4 Bxc2 26. Bb5 Bxd1 27. Rxd1
Ra7 28. h3 Ne3 29. Rd3 Nd5 30. Rg3 Kf8 31. b3 Bh6 32. Rf3 {Hossa resigns} 0-1

[Event "ICS Rated blitz match"]
[Site "204.178.125.65"]
[Date "1999.10.15"]
[Round "?"]
[White "Hossa"]
[Black "mkarp"]
[Result "1-0"]
[WhiteElo "2332"]
[BlackElo "2234"]
[PlyCount "105"]
[EventDate "1999.??.??"]

1. e4 c5 2. Nf3 d6 3. d4 cxd4 4. Nxd4 Nf6 5. Nc3 e6 6. Bg5 Be7 7. Bb5+ Nbd7 8.
O-O a6 9. Bxf6 Bxf6 10. Bxd7+ Qxd7 11. Qd3 O-O 12. Rad1 Qc7 13. Rd2 b5 14. a3
Bb7 15. Re1 Qb6 16. Qe3 Rac8 17. Rd3 Rc4 18. Nce2 e5 19. Nf5 Qxe3 20. Nxe3 Rxe4
21. Rxd6 Bg5 22. Nc3 Rd4 23. Nf5 Rxd6 24. Nxd6 Bc6 25. Rxe5 Bf4 26. Rc5 Ba8 27.
Nf5 g6 28. Ne2 Bb8 29. Ne7+ Kg7 30. Nc6 Bd6 31. Rc3 Re8 32. Ncd4 Be5 33. Re3
Kf8 34. Kf1 Bg7 35. Rxe8+ Kxe8 36. c3 Kd7 37. Nf4 Bh6 38. Nd3 Be4 39. Nc5+ Kd6
40. Nxe4+ Kd5 41. Nf6+ Kc4 42. Nxh7 Bc1 43. b3+ Kd3 44. Ne2 Bxa3 45. Ng5 Bb2
46. c4 bxc4 47. Nf4+ Kc2 48. bxc4 a5 49. Nxf7 a4 50. Nd8 a3 51. Nc6 Kb3 52. Nd3
Ka4 53. Nc5# {mkarp checkmated} 1-0

[Event "ICS Rated blitz match"]
[Site "204.178.125.65"]
[Date "1999.09.13"]
[Round "?"]
[White "Hossa"]
[Black "netpi"]
[Result "1/2-1/2"]
[WhiteElo "2427"]
[BlackElo "2469"]
[PlyCount "235"]
[EventDate "1999.??.??"]

1. e4 e5 2. Nf3 Nc6 3. Bb5 a6 4. Ba4 b5 5. Bb3 Nf6 6. O-O Nxe4 7. Re1 d5 8. d3
Nf6 9. Nxe5 Nxe5 10. Rxe5+ Be6 11. a4 Bd6 12. Re1 O-O 13. axb5 axb5 14. Rxa8
Qxa8 15. Nc3 c6 16. Bg5 Qb8 17. g3 Bg4 18. f3 Bxg3 19. fxg4 Bxe1 20. Qxe1 Nxg4
21. Qg3 Qa7+ 22. Kg2 f6 23. Qxg4 fxg5 24. Qe2 Qd4 25. Nd1 Qf6 26. c3 g4 27. Nf2
h5 28. Kg1 Qf3 29. Bd1 Qf4 30. Nh1 b4 31. cxb4 Qxb4 32. Qe6+ Kh7 33. Qe5 h4 34.
b3 Rf7 35. Nf2 Qd2 36. Qe2 Qxe2 37. Bxe2 g3 38. hxg3 Re7 39. Bg4 hxg3 40. Nh1
g6 41. Kg2 Re3 42. Bd7 Rxd3 43. Bxc6 d4 44. Bd5 Re3 45. Nxg3 Kg7 46. Kf2 Kf6
47. b4 Ke5 48. Bc6 Rb3 49. b5 d3 50. Nf1 Kf4 51. Nd2 Rb4 52. Ke1 g5 53. Ne4 Ke3
54. Nd2 Kd4 55. Ne4 Rb2 56. Nf2 Rc2 57. Bd7 Re2+ 58. Kf1 Re7 59. Bg4 d2 60. Nd1
Kc5 61. Be2 g4 62. Bxg4 Kxb5 63. Kf2 Kc5 64. Ne3 Re4 65. Nf1 Rf4+ 66. Ke3 Rxg4
67. Kxd2 Rf4 68. Ne3 Kd4 69. Nc2+ Ke4 70. Kc3 Rf6 71. Nd4 Rd6 72. Ne2 Ke3 73.
Nc1 Rc6+ 74. Kb2 Rc4 75. Nb3 Kd3 76. Ka3 Kc3 77. Nc1 Re4 78. Nb3 Re8 79. Ka4
Rb8 80. Nc5 Kc4 81. Na6 Rb2 82. Ka5 Rb7 83. Ka4 Rb1 84. Ka5 Rb5+ 85. Ka4 Rb7
86. Ka5 Re7 87. Nb4 Re5+ 88. Ka4 Re3 89. Nc6 Re4 90. Ka5 Kc5 91. Na7 Re8 92.
Ka6 Rb8 93. Ka5 Rb3 94. Ka6 Rb6+ 95. Ka5 Rb2 96. Ka6 Rb3 97. Nc8 Rh3 98. Kb7
Rh7+ 99. Ka6 Rd7 100. Na7 Rd6+ 101. Kb7 Rf6 102. Nc8 Rf7+ 103. Ka6 Rg7 104. Na7
Rg6+ 105. Kb7 Rh6 106. Kc7 Rh7+ 107. Kb8 Re7 108. Nc8 Rf7 109. Na7 Rg7 110. Nc8
Rd7 111. Na7 Rf7 112. Nc8 Rg7 113. Na7 Rd7 114. Nc8 Kb5 115. Na7+ Kb6 116. Nc8+
Ka6 117. Ka8 Rf7 118. Kb8 {Game drawn by the 50 move rule} 1/2-1/2

[Event "ICS Rated blitz match"]
[Site "204.178.125.65"]
[Date "1999.08.27"]
[Round "?"]
[White "Hossa"]
[Black "occam"]
[Result "0-1"]
[WhiteElo "2359"]
[BlackElo "2399"]
[PlyCount "168"]
[EventDate "1999.??.??"]

1. e4 e5 2. Nf3 d6 3. Bb5+ c6 4. Be2 d5 5. Nxe5 dxe4 6. Nc3 Qd4 7. Ng4 f5 8.
Ne3 f4 9. Nc4 b5 10. Na5 b4 11. Nb3 Qe5 12. Nb1 f3 13. Bf1 fxg2 14. Bxg2 Nf6
15. Qe2 Bd6 16. f3 exf3 17. Qxe5+ Bxe5 18. Bxf3 O-O 19. d4 Bd6 20. O-O Ng4 21.
Bxg4 Rxf1+ 22. Kxf1 Bxg4 23. Kg1 Nd7 24. Na5 Re8 25. Bd2 Re2 26. Nxc6 Bh3 27.
Bxb4 Rg2+ 28. Kh1 Rxc2 29. Nc3 Rxh2+ 30. Kg1 Rg2+ 31. Kh1 Bxb4 32. Nxb4 Rxb2
33. Nd3 Rd2 34. Rd1 Rxd1+ 35. Nxd1 a5 36. Ne3 Be6 37. d5 Bf7 38. a3 Nf6 39. d6
Be6 40. Ne5 Nd7 41. N3c4 Bxc4 42. Nxd7 Bd5+ 43. Kh2 Kf7 44. Nc5 Kf6 45. Kg3 a4
46. Kf4 Bc6 47. Kg4 Bb5 48. Kh5 Be2+ 49. Kh4 g5+ 50. Kg3 h6 51. Nxa4 Ke6 52.
Nc3 Bd3 53. Kg4 Bg6 54. Nb5 Ke5 55. d7 Bf5+ 56. Kh5 Bxd7 57. Nc3 g4 58. Ne2 Bb5
59. Ng1 Kf4 60. Kxh6 Ke3 61. Kg5 Bd7 62. a4 g3 63. a5 Kf2 64. Kf4 g2 65. Nf3
Bc8 66. a6 Bxa6 67. Ng5 Bc8 68. Nf3 Bd7 69. Ne5 g1=Q 70. Ke4 Qe1+ 71. Kd4 Qb4+
72. Kd5 Bf5 73. Nf7 Qb3+ 74. Kd6 Qe6+ 75. Kc5 Qxf7 76. Kc6 Qc4+ 77. Kd6 Qd4+
78. Kc6 Be4+ 79. Kc7 Kf3 80. Kc8 Bf5+ 81. Kc7 Qc5+ 82. Kb7 Be4+ 83. Ka6 Qb4 84.
Ka7 84... Qb7# {Hossa checkmated} 0-1

[Event "ICS Rated blitz match"]
[Site "204.178.125.65"]
[Date "1999.09.22"]
[Round "?"]
[White "Hossa"]
[Black "pingpawnh"]
[Result "1-0"]
[WhiteElo "1891"]
[BlackElo "1533"]
[PlyCount "61"]
[EventDate "1999.??.??"]

1. d4 Nf6 2. c4 e6 3. Nc3 Bb4 4. e3 Bxc3+ 5. bxc3 O-O 6. Bd3 c5 7. Ne2 d6 8.
O-O b6 9. e4 e5 10. f3 Nc6 11. Be3 Ba6 12. d5 Na5 13. Bg5 h6 14. Bxf6 Qxf6 15.
f4 Bxc4 16. Bxc4 Nxc4 17. Qd3 Na5 18. fxe5 Qxe5 19. Rf5 Qe7 20. Raf1 Rae8 21.
Ng3 g6 22. Rf6 Qe5 23. Qf3 Re7 24. Rxg6+ Kh7 25. Rf6 Nc4 26. Qd3 b5 27. R1f5
Nb2 28. Qd2 Nc4 29. Qxh6+ Kg8 30. Qg5+ Kh7 31. Rh6# {pingpawnh checkmated} 1-0